[Event "Foligno op"]
[Site "Foligno"]
[Date "2010.06.05"]
[Round "4"]
[White "Orlacchio, Giorgio"]
[Black "Cardinali, Egidio"]
[Result "0-1"]
[WhiteElo "1440"]
[BlackElo "1999"]
[PlyCount "75"]
[EventDate "2010.06.04"]
[EventType "swiss"]
[EventRounds "6"]
[EventCountry "ITA"]
[SourceTitle "CBM 136 Extra"]
[Source "ChessBase"]
[SourceDate "2010.07.02"]
[SourceVersion "2"]
[SourceVersionDate "2010.07.15"]
[SourceQuality "1"]

1. d4 d5 2. c4 c6 3. e3 Nf6 4. Nc3 e6 5. Nf3 Nbd7 6. cxd5 exd5 7. Bd3 Bd6 8. Qc2 h6 9. 0-0 0-0 10. b3 Re8 11. Bb2 Qc7 12. g3 Nf8 13. Bf5 g6 14. Bxc8 Qxc8 15. Kg2 N8h7 16. Nh4 Ng5 17. f4 Qh3+ 18. Kg1 Nge4 19. Nxe4 Rxe4 20. Bc1 Rae8 21. Re1 Nh5 22. Qg2 Qg4 23. Bd2 Ng7 24. Qf3 Qd7 25. Re2 c5 26. dxc5 Bxc5 27. Rae1 g5 28. Ng2 g4 29. Qf2 Nf5 30. Kh1 Qc6 31. Rc1 Qb6 32. Rce1 Qb5 33. Qg1 d4 34. b4 Bb6 35. a3 d3 36. Rf2 Qd5 37. Rc1 Bxe3 38. Bxe3 0-1